000 00557nab a2200157Ia 4500
003 ES-SlBCS
005 20210601135236.0
008 140529s2012 xxu||||| |||| 00| 0 spa d
041 _aspa
100 1 _aAramendi Jaúregui, Pedro
_9230129
245 0 0 _aLa innovación educativa en Cantabria y en el País Vasco: un estudio comparado
_c Pedro Aramendi Jaúregui, Karmele Bujan Vidales
650 0 4 _aInnovación Educativa
_9123931
700 1 _aBujan Vidales, Karmele
_9229903
773 0 _tBordon
_gvol. 64, nº. 1, 2012, págs. 39-58
_wRev1090
942 _cAR
999 _c625027
_d625027